Powyżej 10 tys. mieszkańców - woj. pomorskie - Statystyki

Ogólne statystyki
  • Ten quiz został rozwiązany 52 razy
  • Średni wynik to 17 z 20
Statystyki odpowiedzi
Hint Odpowiedź % Poprawnych
486 492 Gdańsk
100%
242 141 Gdynia
100%
52 931 Rumia
95%
86 027 Słupsk
95%
32 115 Sopot
95%
45 437 Starogard Gdański
93%
46 271 Wejherowo
93%
38 789 Chojnice
88%
36 938 Malbork
88%
28 588 Reda
88%
57 218 Tczew
88%
23 327 Kościerzyna
86%
34 081 Lębork
83%
16 448 Bytów
79%
32 093 Pruszcz Gdański
79%
13 902 Kartuzy
76%
10 555 Puck
74%
37 011 Kwidzyn
71%
13 828 Ustka
69%
13 106 Człuchów
67%
Nie znaleziono quizów pasujących do podanych kryteriów
Rozkład punktacji
Procent ludzi z każdym wynikiem
Percentyl według liczby udzielonych odpowiedzi
Twoja historia wyników
Nie rozwiązałeś tego quizu